La sabiduría del bosque : antología de las principales Upanisáds /

Las Upanishads, tratados esotéricos indios escritos en sánscrito y cuya traducción aproximada es sesiones secretas, fueron compuestas a partir del siglo VI antes de Cristo, en prosa o en verso y tienen extensiones variadas. Conocidas con el nombre de Vedanta (fin del Veda), suman más de un centenar...

全面介紹

Guardado en:
書目詳細資料
其他作者: Ilárraz, Félix G. (edición) (edición), Pujol Riembau, Oscar (edición) (edición)
格式: 圖書
語言:西班牙语
出版: Madrid, España : Barcelona, España : Trotta ; Universidad de Barcelona, 2003, c2003
叢編:(Pliegos de Oriente. Extremo Oriente)
主題:
標簽: 添加標簽
沒有標簽, 成為第一個標記此記錄!

MARC

LEADER 00000nam^a2200000^a^4500
001 000154058
005 20250521000000.0
009 20260310100340.367
020 |a 84-8164-594-X 
020 |a 84-8338-406-X 
037 |a Acervo ITESO - Biblioteca 
041 |a ESP 
082 |a 294. 59218  |b UPA 
240 1 1 |a [Upanishads] 
245 1 3 |a La sabiduría del bosque :  |b antología de las principales Upanisáds /  |c Ed. y tr. de F.G. Ilárraz, O. Pujol Riembau. 
264 4 |a Madrid, España :  |b Trotta ;  |a Barcelona, España :  |b Universidad de Barcelona,  |c 2003, c2003 
300 |a 374 p. 
336 |a texto  |b txt  |2 rdacontenido 
337 |a sin mediación  |b n  |2 rdamedio 
338 |a volumen  |b nc  |2 rdasoporte 
440 1 |a (Pliegos de Oriente.  |p Extremo Oriente) 
520 |a Las Upanishads, tratados esotéricos indios escritos en sánscrito y cuya traducción aproximada es sesiones secretas, fueron compuestas a partir del siglo VI antes de Cristo, en prosa o en verso y tienen extensiones variadas. Conocidas con el nombre de Vedanta (fin del Veda), suman más de un centenar y reúnen las enseñanzas impartidas por los maestros a sus discípulos acerca de los temas fundamentales del origen y destino humano y de sus relaciones con el ser supremo. El título de esta antología de las principales Upanishads alude a la sabiduría del bosque que nace del hastío de la ciudad, con el afán de reivindicar la dimensión no-social y trascendental del ser humano. 
649 |a XX 
650 |a Upanishads 
650 |a Vedas 
650 |a Vedanta 
650 |a Libros Sagrados 
650 |a Hinduismo 
650 |a Brahmanismo 
650 |a Literatura Sánscrita 
650 |a Literatura Religiosa 
650 |a Filosofías Orientales 
650 |a Religión 
700 |a Ilárraz, Félix G.  |e (edición) 
700 |a Pujol Riembau, Oscar  |e (edición) 
910 |a Fondo General 
920 |a Impresos - Libros 
930 |a Colección General 
905 |a 101 
901 |a 0500086515  |b IT1  |c ACC  |u 20250521 
902 |a https://opac.biblio.iteso.mx/vufind/Record/000154058